All 10k+ Cities in Denmark - Statistics

General Stats
  • This quiz has been taken 38 times
    33 since last reset
  • The average score is 28 of 66
Answer Stats
Clue Population Town/City County % Correct
C 1,396,508 Copenhagen Hovedstaden
100%
A 301,049 Aarhus Midtjylland
95%
O 185,480 Odense Syddanmark
95%
A 121,878 Aalborg Nordjylland
90%
E 71,554 Esbjerg Syddanmark
90%
H 64,418 Horsens Midtjylland
71%
R 64,511 Randers Midtjylland
71%
R 53,354 Roskilde Sjælland
71%
S 52,571 Silkeborg Midtjylland
71%
K 63,645 Kolding Syddanmark
67%
V 62,011 Vejle Syddanmark
67%
F 22,548 Frederikshavn Nordjylland
62%
H 36,604 Hillerød Hovedstaden
62%
F 41,543 Fredericia Syddanmark
57%
H 51,782 Herning Midtjylland
57%
N 45,199 Næstved Sjælland
57%
V 43,645 Viborg Midtjylland
57%
H 48,134 Helsingør Hovedstaden
52%
K 38,506 Køge Sjælland
52%
M 16,749 Middelfart Syddanmark
52%
N 19,903 Nuuk Greenland
52%
S 28,333 Sønderborg Syddanmark
52%
F 20,369 Farum Hovedstaden
48%
H 25,908 Hjørring Nordjylland
48%
K 16,659 Kalundborg Sjælland
48%
T 13,505 Thisted Nordjylland
48%
T 23,277 Tórshavnar Faroe Islands
48%
H 12,360 Hobro Nordjylland
43%
K 14,323 Korsør Sjælland
43%
S 20,360 Skanderborg Midtjylland
43%
S 35,817 Slagelse Sjælland
43%
A 16,500 Aabenraa Syddanmark
38%
I 16,808 Ikast Midtjylland
38%
N 17,900 Nyborg Syddanmark
38%
N 16,682 Nykøbing Sjælland
38%
S 27,616 Svendborg Syddanmark
38%
T 38,178 Taastrup Hovedstaden
38%
V 12,093 Vordingborg Sjælland
38%
H 22,405 Haderslev Syddanmark
33%
H 37,487 Holstebro Midtjylland
33%
N 24,436 Nørresundby Nordjylland
33%
O 13,522 Odder Midtjylland
33%
R 24,094 Ringsted Sjælland
33%
B 12,946 Brønderslev Nordjylland
29%
D 12,304 Dragør Hovedstaden
29%
F 17,583 Frederikssund Hovedstaden
29%
G 14,127 Grenaa Midtjylland
29%
H 30,903 Holbæk Sjælland
29%
R 13,675 Rønne Hovedstaden
29%
V 14,263 Varde Syddanmark
29%
N 12,200 Nakskov Sjælland
24%
S 20,090 Skive Midtjylland
24%
V 10,416 Vejen Syddanmark
24%
B 20,976 Birkerød Hovedstaden
19%
F 12,837 Frederiksværk Hovedstaden
19%
H 12,634 Haslev Sjælland
19%
H 13,458 Hedensted Midtjylland
19%
H 48,349 Hørsholm Hovedstaden
19%
J 10,801 Jyllinge Sjælland
19%
H 16,731 Hedehusene Hovedstaden
14%
L 16,756 Lillerød Hovedstaden
14%
L 10,153 Lystrup Midtjylland
10%
O 23,382 Ølstykke-Stenløse Hovedstaden
10%
S 21,768 Smørumnedre Hovedstaden
10%
S 17,951 Solrød Strand Sjælland
10%
V 13,200 Værløse Hovedstaden
10%
No matching quizzes found
Score Distribution
Percent of People with Each Score
Percentile by Number Answered
Your Score History
You have not taken this quiz since the last reset